[Event "Dortmund Sparkassen op-A"]
[Site "Dortmund"]
[Date "2012.07.20"]
[Round "7"]
[White "Kozlov, Alexey Vasil"]
[Black "Giraud, Valerian"]
[Result "1-0"]
[WhiteElo "2204"]
[BlackElo "2024"]
[PlyCount "95"]
[EventDate "2012.07.14"]
[EventType "swiss"]
[EventRounds "9"]
[EventCountry "GER"]
[SourceTitle "CBM 149 Extra"]
[Source "ChessBase"]
[SourceDate "2012.08.24"]
[SourceVersion "1"]
[SourceVersionDate "2012.08.24"]
[SourceQuality "1"]

1. d4 Nf6 2. c4 g6 3. Nc3 Bg7 4. e4 d6 5. Nf3 0-0 6. Be2 e5 7. 0-0 Nc6 8. d5 Ne7 9. Nd2 c6 10. b4 b5 11. dxc6 Nxc6 12. cxb5 Nd4 13. Nb3 Be6 14. Be3 Rc8 15. Nxd4 Rxc3 16. Nc6 Qc7 17. Bd3 d5 18. Bc5 Re8 19. Qd2 d4 20. Rfc1 Rxc1+ 21. Qxc1 a6 22. Na5 axb5 23. Bxb5 Rc8 24. Ba6 Ra8 25. Bd3 Nh5 26. g3 Nf4 27. gxf4 Bh6 28. Nc4 Bxf4 29. Qd1 Qd8 30. Qf3 h5 31. Qg2 Qh4 32. f3 Bh3 33. Qf2 Qg5+ 34. Kh1 Kh7 35. Bf1 Be6 36. a4 f5 37. Nd6 Be3 38. Qg2 Qh6 39. a5 g5 40. Nxf5 Bxf5 41. exf5 g4 42. fxg4 Rg8 43. Be2 d3 44. Bd1 Bxc5 45. bxc5 Qe3 46. Qg3 Qd4 47. Ra4 Qd5+ 48. Qf3 1-0